Kapitoly z teorie a praxe vzdělávání dospělých /

Hlavní autor: Šerák, Michal, 1976-
Další autoři: Dvořáková, Miroslava, 1979-
Jazyk: Čeština
Vydáno: V Praze : Česká zemědělská univerzita, Institut vzdělávání a poradenství, 2009
Vydání: Vyd. 1.
Témata:
Externí odkaz: Digitalizovaný dokument
Fyzický popis: 138 s. ; 29 cm
Knihy
Uloženo v:
LEADER 01652nam a2200409 a 4500
001 nkc20092023308
003 CZ PrNK
005 20100323075031.0
007 ta
008 091201s2009 xr e p 000 0 cze
015 |a cnb002023308 
020 |a 978-80-213-2001-7  |q (brož.) :  |c Kč 110,00 
035 |a (OCoLC)551394106 
040 |a OLA001  |b cze 
072 7 |a 374  |x Výchova a vzdělávání dospělých. Mimoškolní výchova a vzdělávání  |2 Konspekt  |9 22 
072 7 |a 37.016  |x Učební osnovy. Vyučovací předměty. Učebnice  |2 Konspekt  |9 22 
080 |a 374.7  |2 MRF 
080 |a (075.8)  |2 MRF 
100 1 |a Šerák, Michal,  |d 1976-  |7 jx20090609040  |4 aut 
245 1 0 |a Kapitoly z teorie a praxe vzdělávání dospělých /  |c Michal Šerák, Miroslava Dvořáková 
250 |a Vyd. 1. 
260 |a V Praze :  |b Česká zemědělská univerzita, Institut vzdělávání a poradenství,  |c 2009 
300 |a 138 s. ;  |c 29 cm 
500 |a Na obálce označení: verze 1.0 
500 |a 300 výt. 
504 |a Obsahuje bibliografie 
650 0 7 |a vzdělávání dospělých  |7 ph162891  |2 czenas 
650 0 9 |a adult learning  |2 eczenas 
655 7 |a učebnice vysokých škol  |7 fd133772  |2 czenas 
655 9 |a textbooks (higher)  |2 eczenas 
700 1 |a Dvořáková, Miroslava,  |d 1979-  |7 mzk2005286724  |4 aut 
856 4 1 |u http://www.digitalniknihovna.cz/mzk/uuid/uuid:17f87d90-daf2-11e5-a3e0-005056827e51  |y Digitalizovaný dokument  |x NDK 
910 2 |a BOA001  |b 4-1238.538 
990 |a BK 
995 |a 01 
991 |b 201003  |c NOV  |j 374 ŠER 
996 6 |b 2610411445  |c 4-1238.538  |l MZK  |r Sklad / do 1 hodiny  |n 52  |p p.v.  |w 001109436  |u 000010  |a 1  |e BOA001  |j MZK50  |s P